|
|
|
|
| LEADER |
01726nam a2200325 a 4500 |
| 001 |
3446562 |
| 003 |
BD-DhAAL |
| 008 |
091028s1991 bg bs 000 0 eng d |
| 999 |
|
|
|c 5413
|d 5413
|
| 010 |
|
|
|a 91906766
|
| 020 |
|
|
|a 9840511580
|
| 040 |
|
|
|a DLC
|c DLC
|d DLC
|d BD-DhAAL
|
| 082 |
0 |
0 |
|a 338.1091724
|2 20
|
| 245 |
0 |
0 |
|a Public allocative strategies, rural development, and poverty alleviation :
|b a global perspective /
|c edited by Rehman Sobhan.
|
| 260 |
|
|
|a Dhaka :
|b University Press,
|c 1991.
|
| 300 |
|
|
|a 138 pages ;
|c 25 cm.
|
| 500 |
|
|
|a With reference to the developing countries, based on the FAO data.
|
| 504 |
|
|
|a Includes bibliographical references (p. [137]-138).
|
| 526 |
|
|
|a BIED
|
| 541 |
1 |
|
|a Complimentary copy from BIED
|e 0006196, 36136
|
| 650 |
|
0 |
|a Agriculture
|x Economic aspects
|z Developing countries
|x Statistics.
|9 35886
|
| 650 |
|
0 |
|a Food relief
|z Developing countries
|x Statistics.
|9 35887
|
| 650 |
|
0 |
|a Rural poor
|z Developing countries.
|9 35888
|
| 700 |
1 |
|
|a Sobhan, Rehman.
|9 35889
|
| 710 |
2 |
|
|a Food and Agriculture Organization of the United Nations.
|9 35890
|
| 852 |
4 |
|
|a Ayesha Abed Library
|j General Shelf
|
| 942 |
|
|
|2 ddc
|c BK
|
| 952 |
|
|
|0 0
|1 0
|2 ddc
|4 0
|6 338_109172400000000_PUB_1991
|7 0
|9 5284
|a BRACUL
|b BRACUL
|c GEN
|d 2009-11-11
|g 300.00
|l 0
|o 338.1091724 PUB
|p 3010006196
|r 2009-11-11
|t 1
|v 600.00
|w 2009-11-11
|y BK
|
| 952 |
|
|
|0 0
|1 0
|2 ddc
|4 0
|6 338_100000000000000_09172_4_PUB
|7 0
|9 24248
|a SCL
|b SCL
|c GEN
|d 1998-11-24
|g 300.00
|l 0
|o 338.1091724 PUB
|p 3020001164
|r 2014-04-28
|t 2
|w 2014-04-28
|y BK
|
| 952 |
|
|
|0 0
|1 0
|2 ddc
|4 0
|6 338_109172400000000_PUB
|7 0
|9 66686
|a BRACUL
|b BRACUL
|c GEN
|d 2019-10-14
|e Complimentary copy from BIED
|l 0
|o 338.1091724 PUB
|p 3010036136
|r 2019-10-14
|t 3
|w 2019-10-14
|y BK
|x Transferred from BIED to General Stacks
|